000 00320 a2200157 4500
001 58205
020 _a8508052499
040 _cAnchieta - Pituba
100 _aAlencar, José de
240 1 0 _aUbirajara
_lpor
245 1 0 _aUbirajara
300 _a94
362 0 _a1998
650 4 _aFicção brasileira
942 _cBK
999 _c58205
_d58205